Visualizzazione normale
Vista MARC
- terapia
di Topical Term
Records bibliografici associati: 68
001 - CONTROL NUMBER
- control field: 56160
003 - CONTROL NUMBER IDENTIFIER
- control field: IT-RoPau
005 - DATE AND TIME OF LATEST TRANSACTION
- control field: 20170126171004.0
008 - FIXED-LENGTH DATA ELEMENTS
- fixed length control field: 170126|| aca||aabn | a|a d
040 ## - CATALOGING SOURCE
- Original cataloging agency: IT-RoPau
- Transcribing agency: IT-RoPau
150 ## - HEADING--TOPICAL TERM
- Topical term or geographic name entry element: terapia
670 ## - SOURCE DATA FOUND
- Source citation: Work cat.: (IT-RoPau): Varela Francisco J. 56159, Riflessioni sulla circolazione di concetti tra la biologia della cognizione e la terapia familiare sistemica, 2015